In business: ready for the ride (Record no. 72361)
[ view plain ]
| 000 -LEADER | |
|---|---|
| fixed length control field | 01091cam a2200205 4500 |
| 001 - CONTROL NUMBER | |
| control field | ABS66543 |
| 008 - FIXED-LENGTH DATA ELEMENTS--GENERAL INFORMATION | |
| fixed length control field | 030326n2003 000 0 eng u |
| 035 ## - SYSTEM CONTROL NUMBER | |
| System control number | (Sirsi) u121753 |
| 100 ## - MAIN ENTRY--PERSONAL NAME | |
| Personal name | Richards, M. |
| 245 ## - TITLE STATEMENT | |
| Title | In business: ready for the ride |
| 260 ## - PUBLICATION, DISTRIBUTION, ETC. | |
| Date of publication, distribution, etc. | 2003 |
| 490 ## - SERIES STATEMENT | |
| Series statement | Building |
| Volume/sequential designation | 14 March 2003, 48-50(3) |
| 520 ## - SUMMARY, ETC. | |
| Summary, etc. | Examines the advantages and disadvantages of management buyouts. Points out that private buyouts are gaining popularity at the moment with examples including Ward Homes and the Pearce Group. Warns of some of the problems facing those pursuing a buyout, which is often a long and slow process. Gives an example of Managing Director Bob Cole who completed a buyout at specialist contractor Holloway White Allom. It took nearly a year and there are many stages to go through including, agreeing a price and persuading a bank to give equity to finance the buyout. Lists companies who have recently completed buyouts. |
| 590 ## - LOCAL NOTE (RLIN) | |
| Local note | ABS |
| 650 ## - SUBJECT ADDED ENTRY--TOPICAL TERM | |
| Topical term or geographic name entry element | MANAGEMENT BUY-OUTS |
| 650 ## - SUBJECT ADDED ENTRY--TOPICAL TERM | |
| Topical term or geographic name entry element | STOCK MARKET |
| 650 ## - SUBJECT ADDED ENTRY--TOPICAL TERM | |
| Topical term or geographic name entry element | EQUITY |
| 690 ## - LOCAL SUBJECT ADDED ENTRY--TOPICAL TERM (OCLC, RLIN) | |
| Topical term or geographic name as entry element | MANAGEMENT |
| 942 ## - ADDED ENTRY ELEMENTS (KOHA) | |
| Suppress in OPAC | 0 |
| Withdrawn status | Lost status | Source of classification or shelving scheme | Damaged status | Not for loan | Home library | Current library | Shelving location | Date acquired | Total Checkouts | Full call number | Barcode | Date last seen | Copy number | Price effective from | Koha item type |
|---|---|---|---|---|---|---|---|---|---|---|---|---|---|---|---|
| Dewey Decimal Classification | London | London | Journal article | 26/03/2003 | ABS66543 | 121753-1001 | 06/08/2019 | 1 | 06/08/2019 | Journal article |